000 00599nam a2200169 4500
001 116536
003 ES-MaACL
007 t|
008 061121s1949 sp r ||||1| spa d
100 1 _aPauling, Linus.
_989657
245 1 0 _aQuímica General /
_cLinus Pauling ; ilustraciones de Roger Hayward ; traducida del inglés por el Dr. José I. Fernández Alonso.
260 _aMadrid :
_bAguilar Selecciones Gráficas,
_c1949.
300 _aXXVII, 622 p. :
_bil. ;
_c22 cm.
700 1 _aHayward, Roger.
_962224
700 1 _aFernández Alonso, José I.
_949448
852 _aES-MaACL
_jB-2252
_bR.21103
999 _c116536
_d116536